[Event "Louviers op 12th"]
[Site "Louviers"]
[Date "2009.06.01"]
[Round "5"]
[White "Marchandise, Frederic"]
[Black "Billard, Sebastien"]
[Result "1-0"]
[WhiteElo "1862"]
[BlackElo "1600"]
[PlyCount "55"]
[EventDate "2009.05.30"]
[EventType "swiss"]
[EventRounds "6"]
[EventCountry "FRA"]
[SourceTitle "EXT 2011"]
[Source "ChessBase"]
[SourceDate "2010.11.26"]
[SourceVersion "1"]
[SourceVersionDate "2010.11.26"]
[SourceQuality "1"]

1. c4 f5 2. Nc3 Nf6 3. d4 e6 4. Bg5 Bb4 5. Nf3 0-0 6. a3 Bxc3+ 7. bxc3 Qe8 8. e3 d6 9. Bd3 Ne4 10. Bxe4 fxe4 11. Nd2 d5 12. 0-0 c6 13. Qb3 Qg6 14. Bf4 Nd7 15. c5 Rf7 16. Qc2 Qf5 17. f3 exf3 18. Qxf5 Rxf5 19. Nxf3 Rf7 20. Ng5 Rf6 21. e4 Nf8 22. Ra2 b6 23. e5 Rxf4 24. Rxf4 bxc5 25. dxc5 Rb8 26. Rb4 Rxb4 27. axb4 h6 28. Nf3 1-0